Situación de pobreza del pueblo maya de Guatemala informe final de consultoría /
El documento presenta un estudio que aborda la situación de pobreza del pueblo Maya de Guatemala, en tres capítulos, el primero analiza y reflexiona los criterios que han sido utilizados para redefinir a los Pueblos Mayas, el segundo analiza el problema de la pobreza, sus implicaciones sociales y su...
Gorde:
| Egile nagusia: | |
|---|---|
| Erakunde egilea: | |
| Formatua: | Ezezaguna |
| Hizkuntza: | Spanish |
| Argitaratua: |
Costa Rica :
OIT; PNUD
1998
|
| Edizioa: | reimpresión |
| Gaiak: | |
| Etiketak: |
Etiketa erantsi
Etiketarik gabe, Izan zaitez lehena erregistro honi etiketa jartzen!
|
MARC
| LEADER | 00000 a2200000 04500 | ||
|---|---|---|---|
| 001 | 48292 | ||
| 003 | cru CIDCACS/IIS | ||
| 005 | 20230606085945.0 | ||
| 008 | 050610s19881999cr a spa d | ||
| 020 | |a [sin ISBN] | ||
| 022 | |a [sin ISBN] | ||
| 040 | |c cru CIDCACS/IIS | ||
| 090 | |a 03.02.05 S623s | ||
| 100 | |a Romero Posadas, Dora Ileana |e consultora |a Funes Villatoro, Sergio David |e consultor | ||
| 110 | |a Mesa Nacional Maya de Guatemala, MENMAGUA | ||
| 245 | |a Situación de pobreza del pueblo maya de Guatemala |b informe final de consultoría / |c MENAMAGUA | ||
| 250 | |a reimpresión | ||
| 260 | |a Costa Rica : |b OIT; |b PNUD |c 1998 | ||
| 300 | |a 190 páginas |b il. | ||
| 520 | |a El documento presenta un estudio que aborda la situación de pobreza del pueblo Maya de Guatemala, en tres capítulos, el primero analiza y reflexiona los criterios que han sido utilizados para redefinir a los Pueblos Mayas, el segundo analiza el problema de la pobreza, sus implicaciones sociales y sus magnitudes y el tercero aborda los factores que producen y reproducen la pobreza en Guatemala. | ||
| 650 | |a POBLACION INDIGENA | ||
| 650 | |b Macrothesauro de la OCDE/ | ||
| 650 | |a MAYAS | ||
| 650 | |b Listado unificado del CIDCACS/ | ||
| 650 | |a POBREZA | ||
| 650 | |b Macrothesauro de la OCDE/ | ||
| 650 | |a GENERO | ||
| 650 | |b Macrothesauro de la OCDE/ | ||
| 650 | |a NECESIDADES BASICAS | ||
| 650 | |b Macrothesauro de la OCDE/ | ||
| 650 | |a ZONAS URBANAS | ||
| 650 | |b Macrothesauro de la OCDE/ | ||
| 650 | |a ZONAS RURALES | ||
| 650 | |b Macrothesauro de la OCDE/ | ||
| 650 | |a DESARROLLO HUMANO | ||
| 650 | |b Macrothesauro de la OCDE/ | ||
| 650 | |a ASPECTOS ECONOMICOS | ||
| 650 | |b Macrothesauro de la OCDE/ | ||
| 650 | |a ASPECTOS SOCIALES | ||
| 650 | |b Macrothesauro de la OCDE/ | ||
| 650 | |a TENENCIA DE LA TIERRA | ||
| 650 | |b Macrothesauro de la OCDE/ | ||
| 650 | |a MERCADO DE TRABAJO | ||
| 650 | |b Macrothesauro de la OCDE | ||
| 650 | |a DISCRIMINACION | ||
| 650 | |b Macrothesauro de la OCDE/ | ||
| 650 | |a DERECHOS HUMANOS | ||
| 650 | |b Macrothesauro de la OCDE/ | ||
| 650 | |a REFUGIADOS | ||
| 650 | |b Macrothesauro de la OCDE/ | ||
| 650 | |a POLITICA ECONOMICA | ||
| 650 | |b Macrothesauro de la OCDE/ | ||
| 651 | |a Guatemala | ||
| 942 | |2 ddc |c LI |h 03.02.05 S623s |i 18051 |6 030205_S623S_18051 | ||
| 999 | |c 10793 |d 10793 | ||
